Wartime journalism, 1939-1943 = Periodismo en tiempos de guerra, 1939-1943 /

Gespeichert in:
Bibliographische Detailangaben
1. Verfasser: De Man, Paul
Format: Unbekannt
Sprache:French
Veröffentlicht: Lincoln : University of Nebraska Press, c1988.
Schlagworte:
Tags: Tag hinzufügen
Keine Tags, Fügen Sie den ersten Tag hinzu!

MARC

LEADER 000000000a22000000004500
001 015330
020 |a 080326576X 
041 0 |a fre 
082 0 4 |a 070.433   |b H198w 
100 1 |a De Man, Paul 
245 1 0 |a Wartime journalism, 1939-1943 =   |b Periodismo en tiempos de guerra, 1939-1943 /   |c Paul De Man. 
246 3 1 |a Periodismo en tiempos de guerra, 1939-1943 
260 1 |a Lincoln :   |b University of Nebraska Press,   |c c1988. 
300 |a ix, 399 páginas :   |b ilustraciones ;   |c 29 cm. 
650 4 |a HAMACHER, WERNER, 1948- 
650 4 |a HERTZ, NEIL 
650 4 |a KEENAN, THOMAS, 1959 
500 |a Colección George Yúdice 
999 |c 21185  |d 21185 
942 |c BK  |h 070.433 H198w  |2 z